<?xml version="1.0" encoding="UTF-8"?>
<record
    xmlns:xsi="http://www.w3.org/2001/XMLSchema-instance"
    xsi:schemaLocation="http://www.loc.gov/MARC21/slim http://www.loc.gov/standards/marcxml/schema/MARC21slim.xsd"
    xmlns="http://www.loc.gov/MARC21/slim">

  <leader>01082cam1a220027700 4500</leader>
  <controlfield tag="001">lcf00117854</controlfield>
  <controlfield tag="008">750505s1974    fr       b    000 0 fre  </controlfield>
  <datafield tag="010" ind1=" " ind2=" ">
    <subfield code="a">   75505279 //r84</subfield>
  </datafield>
  <datafield tag="015" ind1=" " ind2=" ">
    <subfield code="a">F***</subfield>
  </datafield>
  <datafield tag="020" ind1=" " ind2=" ">
    <subfield code="a">2030350249</subfield>
  </datafield>
  <datafield tag="035" ind1=" " ind2=" ">
    <subfield code="a">(Sirsi) r123618</subfield>
  </datafield>
  <datafield tag="035" ind1=" " ind2=" ">
    <subfield code="a">(DLC)   75505279 //r84</subfield>
  </datafield>
  <datafield tag="035" ind1=" " ind2=" ">
    <subfield code="a">(UPRA)lcf00117854</subfield>
  </datafield>
  <datafield tag="050" ind1="0" ind2=" ">
    <subfield code="a">PQ2220.D723</subfield>
    <subfield code="b">Z62</subfield>
  </datafield>
  <datafield tag="082" ind1=" " ind2=" ">
    <subfield code="a">841/.8</subfield>
  </datafield>
  <datafield tag="100" ind1="1" ind2=" ">
    <subfield code="a">Bouche, Claude.</subfield>
    <subfield code="6">A91693.1</subfield>
  </datafield>
  <datafield tag="245" ind1="1" ind2="0">
    <subfield code="a">Lautreamont :</subfield>
    <subfield code="b">du lieu commun a la parodie /</subfield>
    <subfield code="c">par Claude Bouche.</subfield>
  </datafield>
  <datafield tag="260" ind1=" " ind2=" ">
    <subfield code="a">Paris :</subfield>
    <subfield code="b">Larousse,</subfield>
    <subfield code="c">[1974]</subfield>
  </datafield>
  <datafield tag="490" ind1="0" ind2=" ">
    <subfield code="a">Themes et textes</subfield>
    <subfield code="6">S10235.1</subfield>
  </datafield>
  <datafield tag="490" ind1="0" ind2=" ">
    <subfield code="a">Larousse universite</subfield>
    <subfield code="6">S13635.1</subfield>
  </datafield>
  <datafield tag="504" ind1=" " ind2=" ">
    <subfield code="a">Bibliography: p. 251-253.</subfield>
  </datafield>
  <datafield tag="600" ind1="1" ind2="0">
    <subfield code="a">Lautreamont, comte de, 1846-1870 -- Criticism and interpretation.</subfield>
    <subfield code="c">Lautreamont, comte de, 1846-1870 -- Criticism and interpretation.</subfield>
    <subfield code="d">Lautreamont, comte de, 1846-1870 -- Criticism and interpretation.</subfield>
    <subfield code="x">Lautreamont, comte de, 1846-1870 -- Criticism and interpretation.</subfield>
    <subfield code="6">S65651.1</subfield>
  </datafield>
  <datafield tag="650" ind1=" " ind2="0">
    <subfield code="a">Parody.</subfield>
    <subfield code="6">S65236.1</subfield>
  </datafield>
  <datafield tag="949" ind1=" " ind2=" ">
    <subfield code="a">PQ2220.D723</subfield>
    <subfield code="w">lcc</subfield>
    <subfield code="i">-177742</subfield>
    <subfield code="m">MAIN</subfield>
    <subfield code="t">BOOK</subfield>
    <subfield code="l">ON-SHELF</subfield>
  </datafield>
  <controlfield tag="004">123618</controlfield>
  <datafield tag="999" ind1=" " ind2=" ">
    <subfield code="c">81740</subfield>
    <subfield code="d">81740</subfield>
  </datafield>
</record>
